Le Francais de Tous les Jours /

محفوظ في:
التفاصيل البيبلوغرافية
المؤلف الرئيسي: Melnik, Svetlana Ivanopna
التنسيق: Sách giấy
منشور في: Maxcơva : Ngoại ngữ , 1986
الوسوم: إضافة وسم
لا توجد وسوم, كن أول من يضع وسما على هذه التسجيلة!
Thư viện lưu trữ: Thư viện Trường Đại học Đà Lạt
LEADER 00566nam a2200241 4500
001 DLU020016311
005 ##11/10/2000
020 # # |a 978- 
041 # # |f re 
082 # # |a 448  |b ME-S 
100 # # |a Melnik, Svetlana Ivanopna 
245 # # |a Le Francais de Tous les Jours /  |c Svetlana Ivanopna Melnik 
260 # # |a Maxcơva :  |b Ngoại ngữ ,  |c 1986 
300 # # |a 336 tr.;   |c 20 cm. 
992 # # |a 279 
994 # # |a DLU 
900 # # |a False 
911 # # |a Administrator 
925 # # |a G 
926 # # |a A 
927 # # |a SH 
980 # # |a Thư viện Trường Đại học Đà Lạt